• 首页
  • 本馆介绍
  • 公告通知
  • 最新文献
  • 馆藏检索
  • 电子资源
  • 读者导购
  • 参考咨询
  • 我的图书馆
  • 登录
  • 详细信息显示
  • 放入我的书架
  • 预约/预借图书
  • 作者相关作品
  • 分类相关作品
  • 丛书相关作品
  • 出版社相关作品

书目信息

  • 表格格式
  • 工作单格式
  • 卡片格式
题名:
糖类的生物化学
    
 
作者: 吴东儒 , 李振华 , 黄德民 编著
分册:  
出版信息: 北京   高等教育出版社  1987
页数: 915页
开本: 26cm
丛书名:
单 册:
中图分类: Q53
科图分类:
主题词: 碳水化合物--生物化学
电子资源:
ISBN: 978-7-01-001834-8
000 00717nam0 2200253 450
001 0187010524
005 20020928000000.0
010    @a978-7-01-001834-8@dCNY9.70
091    @a13010.01301
100    @a19900912d1987 em y0chiy0110 ea
101 0  @achi
102    @aCN@b110000
105    @ay z 000yy
106    @ar
200 1  @a糖类的生物化学@9Tang Lei De;Di Sheng Wu Hua Xue @f吴东儒等编著
210    @a北京@c高等教育出版社@d1987
215    @a915页@d26cm
606 0  @a碳水化合物@x生物化学
690    @aQ53@v3
701  0 @a吴东儒@9wu dong ru@f(1911~)@4编著
701  0 @a李振华@9li zhen hua@4编著
701  0 @a黄德民@9huang de min@4编著
801  0 @aCN@b91MARC@c20210624
905    @aBZT@dQ53@e5@f2@sQ53/5
    
    糖类的生物化学/吴东儒等编著.-北京:高等教育出版社,1987
    915页;26cm
    
    
    ISBN 978-7-01-001834-8:CNY9.70
    
●
相关链接 在五车中查询图书 在当当中查询图书 在豆瓣中查询图书


正题名:糖类的生物化学     索取号:Q53/5         预约/预借

序号 登录号 条形码 馆藏地/架位号 状态 备注
1 2000141592   2000141592   旧书回溯/ [索取号:Q53/5] 在馆    
2 2000141593   2000141593   旧书回溯/ [索取号:Q53/5] 在馆    
山东省滨州职业学院图书馆 欢迎您!
大连网信软件有限公司© 版权所有